Κατάλογος Βιβλιοθηκών Mediterranean College

Δημιουργικό Εργαστήρι / Κατασκευάζω, Παίζω, Δημιουργώ (Record no. 9252)

MARC details
000 -LEADER
fixed length control field 01830cam a22001814a 4500
005 - ΗΜΕΡΟΜΗΝΙΑ ΚΑΙ ΩΡΑ ΤΕΛΕΥΤΑΙΑΣ ΕΝΗΜΕΡΩΣΗΣ
Πεδίο ελέγχου 20250605164357.0
008 - FIXED-LENGTH DATA ELEMENTS--GENERAL INFORMATION
Πεδίο ελέγχου σταθερού μήκους 250528s ||||||||||||||||||||||||d
035 ## - SYSTEM CONTROL NUMBER
System control number 24364
040 ## - ΠΗΓΗ ΚΑΤΑΛΟΓΟΓΡΑΦΗΣΗΣ
Φορέας πρωτότυπης καταλογογράφησης MC Athens Campus Library
Γλώσσα καταλογογράφησης Ελληνικά, Μοντέρνα (1453-)
Modifying agency MC Athens Campus Library
Κανόνες περιγραφικής καταλογογράφησης AACR2
245 1# - ΤΙΤΛΟΣ ΚΑΙ ΔΗΛΩΣΗ ΥΠΕΥΘΥΝΟΤΗΤΑΣ
Τίτλος Δημιουργικό Εργαστήρι / Κατασκευάζω, Παίζω, Δημιουργώ
260 ## - PUBLICATION, DISTRIBUTION, ETC.
Name of publisher, distributor, etc. Δίπτυχο,
Date of publication, distribution, etc. 2014
300 ## - PHYSICAL DESCRIPTION
Extent 60
520 ## - SUMMARY, ETC.
Summary, etc. Φρουτένιο Καπελάκι, Πολύχρωμα Σουβέρ Εσπεριδοειδών, Μόπιλε Φυσικών Υλικών, Σταφύλια στο Πιάτο, Λαχανικά που Μιλούν, Δένδρο από Αρακά, Οικογένεια Πιγκουίνων. Ο Κύριος Σκορδάτος, Βραχιόλι από Σπόρους, Ποιός Έφαγε το Μήλο, Φρούτα για Παιχνίδι, Κάρτα Αχλάδι, Κάρτα Μήλο, Στεφάνι από Φρούτα, Η Φρουτιέρα της Τάξης, Δαχτυλόκουκλες Λαχανικών, Καλάθι Φρούτων, Καρπούζι από Χαρτόκουτα, Καπέλα Ανανάς και Καρπούζι, Αρακάς με Αρακοπαιδάκια, Τα Χοντρά Μπιζέλια, Φρουτάκια για Κρέμασμα, Καλάθι από Καρπούζι, Αχλάδια Γεμάτα Φως, Καρόκα σε Μόμπιλε, Φρούτα από Χάτινα Πιάτα, Η Πινακοθήκη της Φρουτοποίας, Ανανάς από Ψαλιδισμένο Γκοφρέ, Η Παρεούλα με τα Φρούτα και τα Λαχανικά, Καρότο από Πατούσα, Φραουλοκαπελάκι, Φραουλένιο Καλαθάκι.
700 1# - ΠΡΟΣΘΕΤΗ ΑΝΑΓΡΑΦΗ--ΦΥΣΙΚΟ ΠΡΟΣΩΠΟ
Personal name Limos Anna
9 (RLIN) 9440
942 ## - ADDED ENTRY ELEMENTS (KOHA)
Koha item type Περιοδικά Δημοσιεύματα
Holdings
Τύπος τεκμηρίου Βιβλιοθήκη Τρέχουσα τοποθεσία Barcode Ημερομηνία απόκτησης Ταξιθετικό σύμβολο Αριθμός αντιτύπου Αρίθμηση σειρών / χρονολογία Κατάσταση απόσυρσης Κατάσταση χαμένου Κατάσταση κατεστραμμένου Μη δανεισμός Σύνολο δανεισμών Ημερομηνία τελευταίας εμφάνισης Η τιμή ισχύει από
Περιοδικά Δημοσιεύματα MC Athens Campus Library MC Athens Campus Library 9780000092519 05/06/2025 ΔΗΜΙΟΥΡΓΙΚΟ ΕΡΓΑΣΤΗΡΙ 1 76           05/06/2025 05/06/2025

MC Athens Campus Library
Πατησίων 94 & Κοδριγκτώνος 13, 104 34
Πελλήνης 8 & Πατησίων 107, 112 51
Τ: +30 210 8899600

MC Thessaloniki Campus Library
Ίωνος Δραγούμη 21, 54625 | Ίωνος Δραγούμη 15, 54625
Τ: +30 2310 287779 – Τ: +30 2314 440300